[Event "Superliga 2011 M"]
[Site "Brasov"]
[Date "2011.10.10"]
[Round "3.5"]
[White "Horvat, Dan-Sebastian"]
[Black "Miroiu, George-Catalin"]
[Result "1-0"]
[WhiteElo "2196"]
[BlackElo "2281"]
[PlyCount "87"]
[EventDate "2011.10.08"]

1. e4 e6 2. d4 d5 3. Nd2 Nf6 4. e5 Nfd7 5. f4 c5 6. c3 Nc6 7. Ndf3 a5 8. Bd3 a4
9. Ne2 a3 10. O-O axb2 11. Bxb2 Nb6 12. Kh1 Bd7 13. Qe1 g6 14. Bc1 Nc4 15. f5
gxf5 16. Nf4 cxd4 17. Nh5 Qa5 18. Bg5 Ne7 19. Nf6+ Kd8 20. Nxd4 h6 21. Bh4 Kc7
22. Qe2 Na3 23. Nb3 Qa7 24. Bf2 b6 25. c4 Bc6 26. Rfc1 dxc4 27. Bxc4 Qb7 28.
Qh5 Ng6 29. Bxe6 fxe6 30. Qxg6 Kb8 31. Nd4 Bc5 $11 32. Nxc6+ Qxc6 33. Qg7 Rd8
34. Rd1 Qc7 35. Rxd8+ Qxd8 36. Bxc5 bxc5 37. Nd7+ Kc8 38. Nxc5 Qd5 39. Rc1 Nc4
40. Qg8+ Kc7 41. Qxe6 Rd8 42. h3 Ne3 43. Nd7+ Kb7 44. Qb6+ 1-0

[Event "Superliga 2011 M"]
[Site "Brasov"]
[Date "2011.10.10"]
[Round "3.5"]
[White "Baciu, Stefan"]
[Black "Zaim, Marian"]
[Result "0-1"]
[WhiteElo "2217"]
[BlackElo "2171"]
[PlyCount "90"]
[EventDate "2011.10.08"]

1. d4 Nf6 2. Nf3 g6 3. g3 Bg7 4. Bg2 O-O 5. c4 c5 6. d5 d6 7. O-O Na6 8. Nc3
Nc7 9. h3 Rb8 10. a4 b6 11. e4 Nd7 12. Bd2 a6 13. Re1 Ne5 14. Nxe5 Bxe5 15. Kh2
Bd4 16. f4 e5 17. dxe6 fxe6 18. Be3 e5 19. Qd2 Be6 20. Bxd4 cxd4 21. Nd5 Bxd5
22. cxd5 a5 23. Rf1 Na6 24. Rac1 Nc5 25. h4 Nb3 26. Qf2 Nxc1 27. Rxc1 Rc8 28.
Rxc8 Qxc8 29. Bh3 Qc1 30. Be6+ Kh8 31. f5 gxf5 32. exf5 d3 33. Qxb6 Qc5 34. Qb7
Qf2+ 35. Kh3 Qf1+ 36. Kh2 Qf2+ 37. Kh3 Rxf5 38. Bxf5 Qxf5+ 39. Kh2 Qf2+ 40. Kh3
Qf5+ 41. Kg2 d2 42. Qb8+ Kg7 43. Qc7+ Qf7 44. Qxd6 d1=Q 45. Qxe5+ Qf6 0-1

[Event "Superliga 2011 M"]
[Site "Brasov/Rumania"]
[Date "2011.10.11"]
[Round "4.1"]
[White "Mastrovasilis, Dimitrios"]
[Black "Milu, Romeo-Sorin"]
[Result "1-0"]
[WhiteElo "2607"]
[BlackElo "2421"]
[PlyCount "110"]
[EventDate "2011.??.??"]
[TimeControl "40/5400+30:1800+30"]

1. e4 c5 2. Nf3 d6 3. d4 cxd4 4. Nxd4 Nf6 5. f3 e5 6. Nb3 d5 7. Bg5 Be6 8. Bxf6
gxf6 9. exd5 Qxd5 10. Qxd5 Bxd5 11. Nc3 Be6 12. O-O-O Nd7 13. Nb5 Ke7 14. Kb1
Bh6 15. Bd3 a6 16. Nc3 Rac8 17. Be4 Nc5 18. Nxc5 Rxc5 19. g4 Bf4 20. Ne2 b6 21.
Nxf4 exf4 22. Rd4 h5 23. gxh5 Rcxh5 24. Bd3 Rxh2 25. Rxh2 Rxh2 26. b3 a5 27.
Rxf4 Rf2 28. Kb2 Kd6 29. Kc3 Ke5 30. Re4+ Kd6 31. Rd4+ Ke5 32. Re4+ Kd6 33. f4
f5 34. Rd4+ Kc5 35. a3 Kc6 36. b4 Kc7 37. b5 Rh2 38. a4 Rh3 39. Kd2 Rh1 40. Bc4
Rh2+ 41. Be2 Rh4 42. Ke3 Rh3+ 43. Kf2 Rh2+ 44. Kf3 Rh3+ 45. Kg2 Rh8 46. Bc4 Rd8
47. Rxd8 Kxd8 48. Bxe6 fxe6 49. Kf3 Kd7 50. Ke3 Ke7 51. Kd4 Kd7 52. c4 Kd6 53.
c5+ bxc5+ 54. Kc4 e5 55. fxe5+ Kxe5 1-0

[Event "Superliga 2011 M"]
[Site "Brasov/Rumania"]
[Date "2011.10.11"]
[Round "4.1"]
[White "Mosnegutu, Klauss"]
[Black "Svetushkin, Dmitry"]
[Result "0-1"]
[WhiteElo "2240"]
[BlackElo "2594"]
[PlyCount "82"]
[EventDate "2011.??.??"]
[TimeControl "40/5400+30:1800+30"]

1. d4 d5 2. c4 c6 3. Nc3 Nf6 4. cxd5 cxd5 5. Bf4 Nc6 6. e3 a6 7. Bd3 Bg4 8. f3
Bh5 9. g4 Bg6 10. h4 e6 11. h5 Bxd3 12. Qxd3 Be7 13. Bg3 Rc8 14. Rh2 Nd7 15. a3
Nb6 16. b3 O-O 17. f4 f6 18. Nf3 e5 19. Nh4 e4 20. Qd2 Nb4 21. Nf5 Nd3+ 22. Kf1
Rf7 23. Nd1 Bf8 24. Nf2 Nxf2 25. Bxf2 Rfc7 26. Be1 Qd7 27. a4 Qe6 28. Qe2 Nd7
29. Qb2 Nb8 30. Nh4 Qxg4 31. h6 g6 32. Rg2 Qh3 33. Kg1 Qxe3+ 34. Bf2 Qxf4 35.
Bg3 Rc1+ 36. Kh2 Qf1 37. Rxc1 Rxc1 38. Bxb8 Bxh6 39. Bd6 Bf4+ 40. Kh3 Bxd6 41.
Qd2 Qh1+ 0-1

[Event "Superliga 2011 M"]
[Site "Brasov/Rumania"]
[Date "2011.10.11"]
[Round "4.1"]
[White "Mateuta, Gabriel"]
[Black "Posedaru, Bogdan"]
[Result "1/2-1/2"]
[WhiteElo "2507"]
[BlackElo "2322"]
[PlyCount "34"]
[EventDate "2011.??.??"]
[TimeControl "40/5400+30:1800+30"]

1. d4 d5 2. c4 e6 3. Nf3 c6 4. Nbd2 f5 5. g3 Nf6 6. Bg2 Bd6 7. O-O Nbd7 8. Qc2
O-O 9. b3 Qe7 10. Bb2 b6 11. Ne5 Bb7 12. Rac1 Rac8 13. Rfd1 c5 14. Nxd7 Nxd7
15. dxc5 Nxc5 16. Qb1 f4 17. cxd5 exd5 1/2-1/2

[Event "Superliga 2011 M"]
[Site "?"]
[Date "2011.10.11"]
[Round "4.1"]
[White "Ionescu, Mihai"]
[Black "Danilov, Vladimir"]
[Result "1/2-1/2"]
[WhiteElo "2340"]
[BlackElo "2441"]
[PlyCount "120"]
[EventDate "2011.??.??"]
[TimeControl "120+13"]

1. Nf3 Nf6 2. c4 e6 3. g3 c5 4. Bg2 Nc6 5. O-O a6 6. Nc3 Qc7 7. b3 b6 8. d4
cxd4 9. Nxd4 Bb7 10. Bf4 e5 11. Nxc6 exf4 12. Nd4 Bxg2 13. Kxg2 fxg3 14. hxg3
Bb4 15. Qd3 O-O 16. Nd5 Nxd5 17. cxd5 Qc3 18. Rad1 f5 19. Qxc3 Bxc3 20. e3 Rac8
21. Rd3 Rc5 22. Rfd1 g6 23. Ne2 Be5 24. f4 Bf6 25. Kf3 h5 26. e4 fxe4+ 27. Kxe4
Kf7 28. R1d2 Rfc8 29. Kf3 b5 30. g4 hxg4+ 31. Kxg4 Rh8 32. Ng3 Rc1 33. Rd1 Rc2
34. R1d2 Rh2 35. Rxh2 Rxh2 36. a4 bxa4 37. bxa4 Rh4+ 38. Kf3 g5 39. fxg5 Bxg5
40. Ne4 Kg6 41. Nc5 d6 42. Nxa6 Rf4+ 43. Ke2 Rxa4 44. Nc7 Kf5 45. Ne6 Bf6 46.
Nc7 Be5 47. Rf3+ Ke4 48. Re3+ Kd4 49. Rd3+ Kc4 50. Rd1 Rb4 51. Ke3 Rb7 52. Ne6
Bb2 53. Ke4 Rh7 54. Nf4 Rh2 55. Ke3 Rc2 56. Kf3 Bc1 57. Ne6 Bd2 58. Ke4 Bc3 59.
Nd4 Rh2 60. Nf5 Bb4 1/2-1/2

[Event "Superliga 2011 M"]
[Site "Brasov/Rumania"]
[Date "2011.10.11"]
[Round "4.1"]
[White "Ungureanu, Vlad"]
[Black "Miroiu, George-Catalin"]
[Result "1/2-1/2"]
[WhiteElo "2376"]
[BlackElo "2281"]
[PlyCount "143"]
[EventDate "2011.??.??"]
[TimeControl "40/5400+30:1800+30"]

1. d4 d5 2. c4 c6 3. cxd5 cxd5 4. Nc3 Nf6 5. Bf4 Nc6 6. Rc1 e6 7. Nf3 Bd6 8.
Bg5 Qb6 9. Bxf6 gxf6 10. Qd2 Bd7 11. e4 dxe4 12. Nxe4 Bb4 13. Nc3 Ne7 14. Be2
Bc6 15. O-O Bd6 16. Qd3 Bf4 17. Rc2 Rd8 18. Ne4 f5 19. Nf6+ Kf8 20. Qa3 h5 21.
Ne5 Qxd4 22. Nxc6 bxc6 23. Nxh5 Bd6 24. Qf3 Qe5 25. Ng3 Rb8 26. b3 Rb4 27. Bc4
Rh4 28. Qc3 f4 29. Qxe5 Bxe5 30. Ne4 f3 31. Ng3 fxg2 32. Re1 Bc7 33. Kxg2 Rb8
34. Rd1 Rd8 35. Rxd8+ Bxd8 36. Ne2 Bc7 37. h3 Be5 38. Ba6 Ke8 39. Rc4 Rh6 40.
Ra4 Bc7 41. Bd3 Bb6 42. Kg3 Nd5 43. Rg4 Ke7 44. Rg7 Kf8 45. Rg4 Ke7 46. Rc4 Kd6
47. Nd4 c5 48. Nb5+ Kc6 49. Nd4+ Kd7 50. Ne2 Bc7+ 51. Kg2 Nb4 52. Bb1 Bd6 53.
Nc3 Rh5 54. Ne4 Nd5 55. Nxd6 Kxd6 56. h4 f5 57. Kg3 Rh7 58. Ra4 Nf6 59. Bd3
Rg7+ 60. Kf3 Ke5 61. Be2 Ne4 62. Ra6 Rh7 63. Bd3 Rxh4 64. Bxe4 fxe4+ 65. Ke3
Rh3+ 66. Ke2 Rh7 67. Ke3 Kd5 68. Ra4 Rf7 69. Ra6 e5 70. Ra4 Rf3+ 71. Ke2 Rf7
72. Ke3 1/2-1/2

[Event "Superliga 2011 M"]
[Site "Brasov/Rumania"]
[Date "2011.10.11"]
[Round "4.1"]
[White "Baciu, Stefan"]
[Black "Chifor, Ovidiu-Emanuel"]
[Result "1/2-1/2"]
[WhiteElo "2217"]
[BlackElo "2256"]
[PlyCount "103"]
[EventDate "2011.??.??"]
[TimeControl "40/5400+30:1800+30"]

1. d4 d5 2. c4 c6 3. Nf3 Nf6 4. e3 a6 5. Nc3 b5 6. b3 Bg4 7. Be2 Nbd7 8. O-O e6
9. cxd5 cxd5 10. Bb2 Bd6 11. h3 Bxf3 12. Bxf3 O-O 13. e4 dxe4 14. Nxe4 Nxe4 15.
Bxe4 Rb8 16. Rc1 Nf6 17. Bb1 Nd5 18. Qh5 g6 19. Qe2 Qd7 20. g3 Rfc8 21. Be4
Rxc1 22. Rxc1 Rc8 23. Qf3 Rxc1+ 24. Bxc1 Bf8 25. Bxd5 Qxd5 26. Qxd5 exd5 27.
Kf1 Bg7 28. Be3 Kf8 29. Ke2 Ke7 30. Kd3 Kd7 31. Bd2 Bf8 32. Bc3 Bd6 33. Be1 Ke6
34. Bd2 Kf5 35. g4+ Ke6 36. f3 Kf6 37. Be3 Ke6 38. Bd2 f5 39. Be3 Kf6 40. g5+
Ke6 41. f4 Bf8 42. Bd2 h6 43. h4 h5 44. b4 Bd6 45. Ke3 Kd7 46. a3 Kc6 47. Kd3
a5 48. Ke3 Kb6 49. Kd3 Bxb4 50. Bxb4 axb4 51. axb4 Kc6 52. Kc3 1/2-1/2

[Event "Superliga 2011 M"]
[Site "Brasov"]
[Date "2011.10.11"]
[Round "4.2"]
[White "Jianu, Vlad-Cristian"]
[Black "Suba, Mihai"]
[Result "1/2-1/2"]
[WhiteElo "2502"]
[BlackElo "2471"]
[PlyCount "74"]
[EventDate "2011.10.08"]

1. d4 Nf6 2. c4 e6 3. g3 c5 4. d5 exd5 5. cxd5 d6 6. Nc3 g6 7. Bg2 Bg7 8. Nf3
O-O 9. O-O Na6 10. Nd2 Nc7 11. a4 b6 12. Nc4 Ba6 13. Qb3 Bxc4 14. Qxc4 a6 15.
Bf4 Rb8 16. b4 Nh5 17. Bd2 b5 18. axb5 cxb4 19. b6 Rxb6 20. Na4 Rb8 21. Rac1
Qd7 22. Bxb4 Qxa4 23. Bxd6 Qxc4 24. Rxc4 Nb5 25. Bxb8 Rxb8 26. Rfc1 f5 27. Rc8+
Rxc8 28. Rxc8+ Bf8 29. Ra8 Nc7 30. Rc8 Nb5 31. e3 Kf7 32. Rc6 Bd6 33. Rxa6 Ke7
34. e4 fxe4 35. Bxe4 Nf6 36. Bg2 Nc7 37. Ra7 g5 1/2-1/2

[Event "Superliga 2011 M"]
[Site "Brasov"]
[Date "2011.10.11"]
[Round "4.2"]
[White "Shishkin, Vadim"]
[Black "Filip, Lucian"]
[Result "1/2-1/2"]
[WhiteElo "2450"]
[BlackElo "2483"]
[PlyCount "93"]
[EventDate "2011.10.08"]

1. d4 Nf6 2. c4 e6 3. Nc3 Bb4 4. Qc2 c5 5. dxc5 O-O 6. a3 Bxc5 7. Nf3 b6 8. Bg5
Bb7 9. Rd1 h6 10. Bh4 Be7 11. e4 Nh5 12. Bxe7 Qxe7 13. Be2 d6 14. Qd2 Nf6 15.
Qxd6 Qxd6 16. Rxd6 Nxe4 17. Nxe4 Bxe4 18. Kd2 Bb7 19. Rd1 Nc6 20. Rd7 Rab8 21.
b4 Rfc8 22. Kc3 Kf8 23. b5 Ne7 24. Kb3 a6 25. bxa6 Bxa6 26. Ra7 Bb7 27. Ne5 Nc6
28. Nxc6 Bxc6 29. Rd6 Be8 30. Kb4 Rd8 31. Rxd8 Rxd8 32. Bf3 Rd2 33. Rb7 Rb2+
34. Kc3 Ra2 35. Kb3 Ra1 36. Kb2 Rf1 37. Rxb6 Rxf2+ 38. Kc3 g5 39. c5 g4 40. Bb7
Ke7 41. Rb4 Rf5 $11 42. Kd4 Rf1 43. a4 Rd1+ 44. Ke3 Rc1 45. Kd4 Rd1+ 46. Ke3
Rc1 47. Kd4 1/2-1/2

[Event "Superliga 2011 M"]
[Site "Brasov"]
[Date "2011.10.11"]
[Round "4.2"]
[White "Grozav, Valeriu-Gheorghe"]
[Black "Vasilescu, Lucian-Mihail"]
[Result "0-1"]
[WhiteElo "2166"]
[BlackElo "2295"]
[PlyCount "114"]
[EventDate "2011.10.08"]

1. e4 c5 2. Nf3 a6 3. c4 Nc6 4. d4 cxd4 5. Nxd4 e5 6. Nc2 Nf6 7. Nc3 Bc5 8. Be2
O-O 9. a3 d6 10. b4 Ba7 11. Bg5 h6 12. Bh4 Be6 13. O-O Rc8 14. Rc1 Nd4 15. Nxd4
Bxd4 16. Bxf6 Qxf6 17. Nd5 $11 Bxd5 18. cxd5 Qf4 19. Bf3 Rxc1 20. Qxc1 Qxc1 21.
Rxc1 Bb2 22. Rc7 b5 23. Ra7 Rc8 24. h3 Bxa3 25. Rxa6 Bxb4 26. Rb6 Rc1+ 27. Kh2
Bc5 28. Rxb5 Bxf2 29. Rb2 Bd4 30. Re2 g6 31. g4 Kg7 32. h4 Kf6 33. Kh3 Rc3 34.
Kg2 Be3 35. Ra2 Rb3 36. Re2 Bb6 37. Rc2 Ke7 38. Re2 Kd7 39. Rc2 Be3 40. Be2 Bc5
41. Rd2 Bb4 42. Rc2 Be1 43. h5 Ke7 44. g5 hxg5 45. hxg6 fxg6 46. Rc7+ Kf6 47.
Rc6 Bb4 48. Rc1 Rb2 49. Kf1 Bc5 50. Rc3 g4 51. Bxg4 Rf2+ 52. Ke1 Rf4 53. Rf3
Kg5 54. Rxf4 exf4 55. Bf3 Kh4 56. Kf1 Kg3 57. Bd1 f3 0-1

[Event "Superliga 2011 M"]
[Site "Brasov"]
[Date "2011.10.11"]
[Round "4.2"]
[White "Zaim, Marian"]
[Black "Bida, Mihai-Eugen"]
[Result "1/2-1/2"]
[WhiteElo "2171"]
[BlackElo "2141"]
[PlyCount "206"]
[EventDate "2011.10.08"]

1. c4 e5 2. Nc3 Nf6 3. g3 c6 4. d4 exd4 5. Qxd4 d5 6. Bg2 Be6 7. cxd5 cxd5 8.
e3 Nc6 9. Qa4 Bc5 10. Nge2 O-O 11. O-O a6 12. a3 Ne5 13. Nf4 b5 14. Qd1 Bg4 15.
f3 Be6 16. Kh1 Ra7 17. Nfe2 Qc8 18. g4 Rd8 19. Nd4 Bb6 20. Rf2 Ne8 21. h3 Nc6
22. f4 Nxd4 23. exd4 f5 24. gxf5 Bf7 25. Qd3 Nf6 26. Bd2 Qc4 27. Qxc4 dxc4 28.
Ne2 Rad7 29. Bc3 Bd5 30. Bxd5+ Rxd5 31. Rd1 Rxf5 32. Ng3 Rfd5 33. Rfd2 Kf7 34.
Kg2 h5 35. Kf3 Re8 36. Re2 Rxe2 37. Nxe2 h4 38. Be1 g5 39. fxg5 Rf5+ 40. Kg2
Rxg5+ 41. Kf3 $11 Rf5+ 42. Kg2 Nd5 43. Bf2 Bd8 44. Re1 Bg5 45. Ra1 Ke6 46. Re1
Kd6 47. Ra1 Ne3+ 48. Kg1 Nd5 49. Kg2 Kc6 50. Rb1 Kb6 51. Rf1 a5 52. Rc1 Kc6 53.
Rb1 Rf7 54. Ra1 Be7 55. Rb1 Bg5 56. Ra1 Re7 57. Kf3 Re8 58. Rb1 Rf8+ 59. Kg2 b4
60. axb4 axb4 61. Ra1 Kb5 62. Ra7 Be7 63. Rd7 Kc6 64. Ra7 Rd8 65. Kf3 Kb6 66.
Ra1 Rf8+ 67. Kg2 Bg5 68. Ra4 Bd2 69. Bxh4 Ne3+ 70. Kh2 Nd1 71. Ra1 Nxb2 72. d5
Re8 73. Nd4 Kc5 74. Ne6+ Kd6 75. Bg3+ Ke7 76. Bh4+ Kd6 77. Bg3+ Ke7 78. Bh4+
Kf7 79. Ra7+ Kg6 80. Ra6 Kh5 81. Ng7+ Kxh4 82. Nxe8 Bf4+ 83. Kg2 Nd3 84. d6 Ne5
85. Ra5 Nd7 86. Ng7 Be5 87. Nf5+ Kg5 88. Ne3 c3 89. Rb5 Kf4 90. Nd5+ Ke4 91.
Nxb4 Bxd6 92. Nc2 Bc5 93. Rb7 Ne5 94. Rc7 Bd4 95. h4 Kd3 96. Nb4+ Kd2 97. h5
Nd3 98. Nxd3 Kxd3 99. Kf3 c2 100. h6 Bc3 101. Rxc3+ Kxc3 102. h7 c1=Q 103.
h8=Q+ Kc2 1/2-1/2

[Event "Superliga 2011 M"]
[Site "Brasov/Rumania"]
[Date "2011.10.11"]
[Round "4.3"]
[White "Kamsky, Gata"]
[Black "Manea, Alexandru"]
[Result "1-0"]
[WhiteElo "2756"]
[BlackElo "2415"]
[PlyCount "127"]
[EventDate "2011.??.??"]
[TimeControl "40/5400+30:1800+30"]

1. e4 c5 2. Nf3 e6 3. d4 cxd4 4. Nxd4 Nc6 5. Nc3 Qc7 6. Be2 Nf6 7. O-O Be7 8.
Be3 O-O 9. f4 d6 10. Qe1 Nxd4 11. Bxd4 e5 12. fxe5 dxe5 13. Qg3 Bc5 14. Bxc5
Qxc5+ 15. Kh1 Kh8 16. Qh4 Ng8 17. Rad1 Be6 18. h3 Qb4 19. Rb1 Rad8 20. a3 Qc5
21. Bd3 Ne7 22. Rbe1 Ng6 23. Qf2 Qxf2 24. Rxf2 Rd7 25. Bb5 Rd6 26. Bf1 Rd7 27.
g3 Ne7 28. Bb5 Rd4 29. Kg2 Kg8 30. Be2 Rd7 31. Nd1 f6 32. Ne3 Rfd8 33. h4 Rd4
34. Bf3 Rd2 35. Ree2 Rxe2 36. Bxe2 Rd4 37. Kf3 Rd2 38. Bd3 Rxf2+ 39. Kxf2 Kf8
40. b4 Ke8 41. Bb5+ Kd8 42. g4 Kc7 43. Kf3 Bf7 44. c3 Be6 45. Bc4 Bxc4 46. Nxc4
Ng6 47. h5 Nf4 48. Ne3 Kd7 49. c4 g6 50. hxg6 hxg6 51. c5 Ne6 52. Ke2 Nd4+ 53.
Kd3 Ke6 54. a4 a5 55. bxa5 Nb3 56. Kc4 Nxa5+ 57. Kb5 Nb3 58. a5 Kd7 59. Kb6 Kc8
60. Nd5 f5 61. exf5 gxf5 62. gxf5 Nd4 63. f6 e4 64. Nf4 1-0

[Event "Superliga 2011 M"]
[Site "Brasov/Rumania"]
[Date "2011.10.11"]
[Round "4.3"]
[White "Genov, Petar"]
[Black "Volokitin, Andrei"]
[Result "0-1"]
[WhiteElo "2447"]
[BlackElo "2686"]
[PlyCount "70"]
[EventDate "2011.??.??"]
[TimeControl "40/5400+30:1800+30"]

1. c4 e5 2. Nc3 Nf6 3. Nf3 Nc6 4. d4 e4 5. Ne5 Bb4 6. Bf4 Ne7 7. c5 O-O 8. Nc4
d6 9. cxd6 cxd6 10. Bd2 Be6 11. e3 Rc8 12. Na3 Ned5 13. Nab1 Qa5 14. Be2 Bxc3
15. Nxc3 Nxc3 16. bxc3 Qg5 17. g3 Bh3 18. Rb1 Qf5 19. Rb5 d5 20. Qb1 Bg2 21.
Rg1 Qh3 22. Bf1 Bxf1 23. Rxf1 Ng4 24. Rxd5 Nxh2 25. Qb5 Qg4 26. Qe2 Qe6 27. Ra5
Nf3+ 28. Kd1 Rc4 29. Rh1 Rfc8 30. Rhh5 g6 31. Rhb5 Qc6 32. Rb3 a6 33. Raa3 b5
34. Rb1 b4 35. cxb4 Rxd4 0-1

[Event "Superliga 2011 M"]
[Site "Brasov/Rumania"]
[Date "2011.10.11"]
[Round "4.3"]
[White "Parligras, Mircea-Emilian"]
[Black "Grecescu, Gabriel-Andrei"]
[Result "1-0"]
[WhiteElo "2625"]
[BlackElo "2423"]
[PlyCount "98"]
[EventDate "2011.??.??"]
[TimeControl "40/5400+30:1800+30"]

1. d4 Nf6 2. c4 e6 3. Nc3 Bb4 4. Qc2 d5 5. cxd5 Qxd5 6. Nf3 Nc6 7. e3 O-O 8.
Bd2 Qh5 9. Be2 Qg6 10. Qxg6 hxg6 11. Nb5 Bxd2+ 12. Nxd2 a6 13. Nc3 e5 14. dxe5
Nxe5 15. Nf3 Ned7 16. O-O b6 17. Rfd1 Bb7 18. g4 Rad8 19. g5 Ne4 20. Nd5 Bxd5
21. Rxd5 Ndc5 22. Rad1 Rxd5 23. Rxd5 Nd6 24. Ne5 Nce4 25. Nc6 f6 26. gxf6 gxf6
27. f3 Nc5 28. b4 Na4 29. Rd3 Re8 30. Bd1 Nb2 31. Bb3+ Kg7 32. Rd2 Nbc4 33.
Bxc4 Nxc4 34. Rd7+ Kh6 35. e4 Re6 36. Rxc7 Rd6 37. Ne7 Ne5 38. f4 Nd3 39. f5
Ne5 40. fxg6 Rd1+ 41. Kf2 Rd2+ 42. Ke3 Rxa2 43. h4 Ra3+ 44. Kd2 Nxg6 45. Ng8+
Kh5 46. Rh7+ Kg4 47. Rg7 Kf4 48. Rxg6 Kxe4 49. h5 a5 1-0

[Event "Superliga 2011 M"]
[Site "Brasov/Rumania"]
[Date "2011.10.11"]
[Round "4.3"]
[White "Bonte, Andrei-Mihai"]
[Black "Lupulescu, Constantin"]
[Result "0-1"]
[WhiteElo "2364"]
[BlackElo "2655"]
[PlyCount "51"]
[EventDate "2011.??.??"]
[TimeControl "40/5400+30:1800+30"]

1. d4 Nf6 2. c4 e6 3. Nc3 Bb4 4. g3 O-O 5. Bg2 d5 6. Nf3 dxc4 7. O-O Nc6 8. Bg5
Rb8 9. e4 h6 10. Bxf6 Qxf6 11. a3 Bxc3 12. bxc3 e5 13. d5 Na5 14. Nd2 b6 15.
Re1 c6 16. Qa4 Ba6 17. Rad1 Rfd8 18. Qb4 Rbc8 19. f4 Bb7 20. fxe5 Qxe5 21. Nf3
Qb8 22. Qe7 cxd5 23. exd5 Bxd5 24. Ng5 Nc6 25. Bxd5 Nxe7 26. Bg2 0-1

[Event "Superliga 2011 M"]
[Site "Brasov/Rumania"]
[Date "2011.10.11"]
[Round "4.3"]
[White "Berescu, Alin-Mile"]
[Black "Szabo, Attila"]
[Result "1-0"]
[WhiteElo "2495"]
[BlackElo "2290"]
[PlyCount "45"]
[EventDate "2011.??.??"]
[TimeControl "40/5400+30:1800+30"]

1. c4 Nf6 2. Nc3 d5 3. cxd5 Nxd5 4. g3 c5 5. Bg2 e6 6. Nxd5 exd5 7. Qb3 Be6 8.
Qxb7 Nd7 9. Qb3 Rb8 10. Qc2 Be7 11. Nf3 O-O 12. O-O Bf6 13. d3 a5 14. Rb1 a4
15. Bf4 Rb5 16. Rfc1 Re8 17. d4 cxd4 18. Qxa4 Qb6 19. b4 Bf5 20. Rb3 h6 21. Bf1
d3 22. exd3 d4 23. Nd2 1-0

[Event "Superliga 2011 M"]
[Site "Brasov/Rumania"]
[Date "2011.10.11"]
[Round "4.3"]
[White "Hajbok, Robert"]
[Black "Dragomirescu, Robin-Alexandru"]
[Result "1/2-1/2"]
[WhiteElo "2272"]
[BlackElo "2353"]
[PlyCount "46"]
[EventDate "2011.??.??"]
[TimeControl "40/5400+30:1800+30"]

1. e4 c5 2. Nf3 e6 3. d4 cxd4 4. Nxd4 Nc6 5. Nc3 Qc7 6. Be3 Nf6 7. Qd2 Nxd4 8.
Qxd4 Ng4 9. e5 Nxe3 10. Qxe3 Bb4 11. O-O-O Bxc3 12. Qxc3 Qxc3 13. bxc3 d5 14.
exd6 Bd7 15. f4 g6 16. h4 h5 17. Rh3 Bc6 18. c4 Kd7 19. Ra3 a5 20. Re3 a4 21.
a3 Ra5 22. g3 Rha8 23. Kb2 Rc5 1/2-1/2

[Event "Superliga 2011 M"]
[Site "Brasov"]
[Date "2011.10.11"]
[Round "4.4"]
[White "Ionescu, Constantin"]
[Black "Tugui, Adrian"]
[Result "1/2-1/2"]
[WhiteElo "2436"]
[BlackElo "2384"]
[PlyCount "27"]
[EventDate "2011.10.08"]

1. d4 Nf6 2. c4 c5 3. d5 e5 4. Nc3 d6 5. e4 Be7 6. g3 O-O 7. Bg2 Nbd7 8. Qe2
Ne8 9. f4 exf4 10. gxf4 Bh4+ 11. Kd1 Bf6 12. Bd2 Nc7 13. Nf3 Re8 14. Kc2
1/2-1/2

[Event "Superliga 2011 M"]
[Site "Brasov"]
[Date "2011.10.11"]
[Round "4.4"]
[White "Malureanu, Costin-George"]
[Black "Manole, Stefan"]
[Result "1/2-1/2"]
[WhiteElo "2165"]
[BlackElo "2052"]
[PlyCount "108"]
[EventDate "2011.10.08"]

1. e4 c6 2. d4 d5 3. Nc3 dxe4 4. Nxe4 Bf5 5. Ng3 Bg6 6. Bc4 e6 7. N1e2 Bd6 8.
h4 h6 9. Nf4 Bxf4 10. Bxf4 Nf6 11. h5 Bh7 12. Bb3 O-O 13. O-O Nd5 14. Bd2 Qh4
15. Bxd5 cxd5 16. c3 Nd7 17. Qf3 Nf6 18. Ne2 Qxh5 19. Qxh5 Nxh5 20. Rfe1 Nf6
21. f3 Rac8 22. Kf2 Rc6 23. g4 Nd7 24. Rh1 Re8 25. Rag1 Ra6 26. a3 e5 27. g5
hxg5 28. Rxg5 Rae6 29. Rgh5 Nf6 30. Rxe5 Rxe5 31. dxe5 Rxe5 32. Be3 Rf5 33.
Bxa7 Rxf3+ 34. Kxf3 Be4+ 35. Ke3 Bxh1 36. Ng3 Bg2 37. Bd4 Ne8 38. a4 Nd6 39. b3
f6 40. Bc5 Ne8 41. b4 Kf7 42. b5 Bh3 43. Ne2 g5 44. Nd4 Bc8 45. a5 f5 46. b6
f4+ 47. Kf3 Kf6 48. Nb5 Ke6 49. Na7 Kd7 50. Nxc8 Kxc8 51. Be7 Kd7 52. Bxg5 Kc6
53. Bxf4 Kb5 54. Ke3 Kxa5 1/2-1/2

[Event "Superliga 2011 M"]
[Site "Brasov/Rumania"]
[Date "2011.10.11"]
[Round "4.5"]
[White "Yemelin, Vasily"]
[Black "Iordachescu, Viorel"]
[Result "1/2-1/2"]
[WhiteElo "2568"]
[BlackElo "2646"]
[PlyCount "157"]
[EventDate "2011.??.??"]
[TimeControl "40/5400+30:1800+30"]

1. d4 d5 2. c4 c6 3. Nc3 Nf6 4. e3 g6 5. Nf3 Bg7 6. Bd3 O-O 7. h3 Nbd7 8. O-O
Nb6 9. cxd5 cxd5 10. b3 Bf5 11. Bxf5 gxf5 12. Ba3 Nc8 13. Qc2 Qa5 14. Qb2 Re8
15. Rac1 e6 16. Ne5 Ne7 17. Na4 Qd8 18. Nc5 Rb8 19. Rc2 Ng6 20. Ncd3 Ne4 21.
Rfc1 Nh4 22. f4 f6 23. Nf3 Ng6 24. Nc5 Kh8 25. Nd2 b5 26. Ncxe4 fxe4 27. Bc5
Rb7 28. b4 Nh4 29. g3 Nf5 30. Nf1 e5 31. Kh2 Qd7 32. Qb3 Rg8 33. Rf2 exf4 34.
exf4 Bh6 35. Rc3 Qf7 36. Rg2 Rd7 37. Qd1 Qg6 38. Rf2 Rdg7 39. g4 Nh4 40. Ne3 f5
41. g5 Bxg5 42. fxg5 Nf3+ 43. Rxf3 Qxg5 44. Rc1 exf3 45. Qxf3 Re8 46. Bd6 Qxe3
47. Qxe3 Rxe3 48. Be5 Re2+ 49. Kh1 h6 50. Rc5 Kh7 51. Bxg7 Kxg7 52. Rxb5 Rxa2
53. Rxd5 Kf6 54. Kg1 Kg5 55. Rd7 Kf4 56. d5 a6 57. d6 Rd2 58. Rd8 Kf3 59. d7 f4
60. h4 h5 61. Kh1 Kf2 62. Kh2 f3 63. Ra8 Rxd7 64. Rxa6 Rd4 65. Ra2+ Ke3 66.
Ra3+ Kf4 67. b5 Kg4 68. Ra2 Rf4 69. Kg1 Kg3 70. Ra8 Rb4 71. Rg8+ Kf4 72. Rf8+
Kg4 73. Rg8+ Kf4 74. Rf8+ Kg3 75. Rg8+ Kxh4 76. Kf2 Rb3 77. b6 Rxb6 78. Kxf3
Rb2 79. Rh8 1/2-1/2

[Event "Superliga 2011 M"]
[Site "?"]
[Date "2011.10.11"]
[Round "4.5"]
[White "Fedorov, Alexei"]
[Black "Manolache, Marius"]
[Result "0-1"]
[WhiteElo "2609"]
[BlackElo "2535"]
[PlyCount "114"]
[EventDate "2011.??.??"]
[TimeControl "120+13"]

1. e4 g6 2. d4 Bg7 3. c3 d6 4. Nf3 Nf6 5. Bd3 O-O 6. O-O c5 7. dxc5 dxc5 8. Qe2
Qc7 9. e5 Nd5 10. h3 Nc6 11. Re1 Rd8 12. a4 Be6 13. Na3 Rd7 14. Bc2 h6 15. Nc4
Qd8 16. a5 b5 17. axb6 axb6 18. Rxa8 Qxa8 19. Na3 Nc7 20. c4 Nb4 21. Be4 Qd8
22. Rf1 Bf5 23. Bxf5 gxf5 24. Nh4 e6 25. Nf3 Qa8 26. Bd2 Qe4 27. Re1 Nd3 28.
Qxe4 fxe4 29. Rxe4 Nxe5 30. Bc3 Nxf3+ 31. gxf3 Bxc3 32. bxc3 Rd2 33. Nb5 Nxb5
34. cxb5 Rd3 35. Re3 Rd2 36. c4 Rd4 37. Ra3 Rxc4 38. Ra6 Kg7 39. Rxb6 Kf6 40.
Kf1 Ke5 41. Ke2 Rb4 42. Rb7 f5 43. Rh7 c4 44. Rxh6 Rb2+ 45. Ke1 c3 46. Kd1 Rxf2
47. Rh4 f4 48. Rh7 Rb2 49. Rd7 Rxb5 50. Rd3 Rb1+ 51. Kc2 Rb2+ 52. Kxc3 Rh2 53.
h4 Kf5 54. Rd2 Rxh4 55. Kd3 Rh3 56. Rf2 Rh1 57. Rg2 Re1 0-1

[Event "Superliga 2011 M"]
[Site "Brasov/Rumania"]
[Date "2011.10.11"]
[Round "4.5"]
[White "Rogozenco, Dorian"]
[Black "Marin, Mihail"]
[Result "1/2-1/2"]
[WhiteElo "2552"]
[BlackElo "2550"]
[PlyCount "64"]
[EventDate "2011.??.??"]
[TimeControl "40/5400+30:1800+30"]

1. d4 e6 2. c4 Nf6 3. Nc3 Bb4 4. Qc2 Nc6 5. Nf3 d6 6. a3 Bxc3+ 7. Qxc3 a5 8. b3
O-O 9. g3 e5 10. dxe5 dxe5 11. Bb2 Re8 12. Bg2 Qe7 13. O-O Bg4 14. h3 Bf5 15.
Rfd1 Ne4 16. Qe3 Qc5 17. Rd3 Qxe3 18. Rxe3 Nc5 19. Nxe5 Nxe5 20. Bxe5 c6 21. b4
Nd7 22. Bd4 Rxe3 23. fxe3 axb4 24. axb4 Rxa1+ 25. Bxa1 Be6 26. b5 Bxc4 27. bxc6
bxc6 28. Bxc6 Be6 29. Kg2 f6 30. e4 Kf7 31. Bc3 h5 32. Bd5 Nb6 1/2-1/2